| 000 | 00939cam a2200241 a 4500 | ||
|---|---|---|---|
| 001 | 000014035 | ||
| 005 | 20260521144507.0 | ||
| 008 | 970319s1996 ve b 000 0 spa | ||
| 020 | _a9803251228 | ||
| 040 |
_aDO-SdBNP _bspa _cDLC _dBNPHU |
||
| 082 |
_a121.4 _bG771p |
||
| 100 | 1 |
_aGraterol, Martín. _931778 |
|
| 245 | 1 | 0 |
_aParadigmas y creación de conocimiento en naciones neocoloniales : _bcuando los paradigmas transferidos dificultan ver lo dado / _cMartín Graterol. |
| 260 |
_aCaracas, Venezuela : _bUniversidad de Carabobo, _bFondo Editorial Tropykos, _c1996. |
||
| 300 |
_a207 p. ; _c21 cm. |
||
| 504 | _aIncluye referencias bibliográficas (p. 199-207). | ||
| 650 | 4 |
_aTeoría del conocimiento _913 |
|
| 650 | 4 |
_aParadigmas (ciencias sociales) _931779 |
|
| 650 | 0 |
_aFilosofía de la ciencia _919468 |
|
| 600 | 1 | 4 |
_aPopper, Karl R. _q(Karl Raimund), _d1902-1994. _931780 |
| 910 | _aCatalogación por copia / LC | ||
| 049 | _aBNGR | ||
| 999 |
_c13637 _d13637 |
||